Detroit Pistons 2024-2025 Roster - Statistics

General Stats
  • This quiz has been taken 96 times
    71 since last reset
  • The average score is 11 of 18
Answer Stats
Jersey # Answer % Correct
2 Cade Cunningham
97%
0 Jalen Duren
89%
28 Isaiah Stewart
86%
23 Jaden Ivey
86%
5 Malik Beasley
84%
00 Ronald Holland
78%
12 Tobias Harris
78%
9 Ausar Thompson
76%
25 Marcus Sasser
70%
8 Tim Hardaway Jr
68%
71 Dennis Schroder
62%
7 Paul Reed
59%
34 Bobi Klintman
46%
19 Simone Fontecchio
46%
24 Daniss Jenkins
38%
35 Tolu Smith
32%
13 Ron Harper Jr
27%
43 Lindy Waters III
16%
No matching quizzes found
Score Distribution
Percent of People with Each Score
Percentile by Number Answered
Your Score History
You have not taken this quiz since the last reset